Coincidence (Lyrics)- Sabrina Carpenter - Statistics

General Stats
  • This quiz has been taken 89 times
    62 since last reset
  • The average score is 170 of 209
Answer Stats
Answer % Correct
I
100%
you
100%
a
95%
coincidence
95%
(Coincidence)
95%
She
95%
she
95%
The
95%
the
95%
to
95%
What
95%
what
95%
your
95%
Your
95%
her
90%
it
90%
just
90%
Oh
90%
she's
90%
up
90%
any
85%
car
85%
damn
85%
Damn
85%
doubts
85%
drove
85%
from
85%
have
85%
kinda
85%
L.A
85%
Last
85%
night
85%
on
85%
all
80%
broke
80%
but
80%
by
80%
city
80%
common
80%
didn't
80%
died
80%
for
80%
girl
80%
head
80%
looks
80%
lost
80%
my
80%
nice
80%
Palm
80%
phone
80%
put
80%
said
80%
same
80%
second
80%
sense
80%
side?
80%
space
80%
Springs
80%
thighs
80%
This
80%
week
80%
who's
80%
again
75%
And
75%
and
75%
back
75%
bein'
75%
chest
75%
even
75%
got
75%
here
75%
holding
75%
in
75%
itself
75%
knew
75%
life
75%
like
75%
mouth
75%
na-na
75%
na-na-na-na
75%
Na-na-na-na
75%
Now
75%
outgrew
75%
real
75%
sixth
75%
surprise
75%
that's
75%
then
75%
you're
75%
you've
75%
comes
70%
friends
70%
me
70%
mutual
70%
name
70%
of
70%
once
70%
Suckin'
70%
tongue
70%
twice
70%
without
70%
into
65%
less
65%
past
65%
pictures
65%
present
65%
sendin'
65%
seven
65%
tense
65%
told
65%
truth
65%
turn
65%
way
65%
wearin'
65%
wow
65%
Least
60%
minus
60%
percent
60%
some
60%
Tryna
50%
huh
30%
na-na
10%
No matching quizzes found
Score Distribution
Percent of People with Each Score
Percentile by Number Answered
Your Score History
You have not taken this quiz since the last reset